Mesihning Olugh Ismlari (Record no. 4090)

MARC details
000 -LEADER
fixed length control field 00563nam a2200229 a 4500
020 ## - INTERNATIONAL STANDARD BOOK NUMBER
ISBN
082 00 - DEWEY DECIMAL CLASSIFICATION NUMBER
Classification number 232
Author Cutter HER
100 ## - MAIN ENTRY--AUTHOR NAME
Author name Hermans, Son
245 ## - TITLE STATEMENT
Title Mesihning Olugh Ismlari
Sub title High Name of Christ
260 ## - PUBLICATION, DISTRIBUTION, ETC. (IMPRINT)
Place of publication Turki
Name of publisher Mission Press Kashgar
Year of publication 1931
300 ## - PHYSICAL DESCRIPTION
Number of Pages 26p
500 ## - GENERAL NOTE
General note includes index and biblioraphy
505 2# - FORMATTED CONTENTS NOTE
Formatted contents note Turkish language
650 ## - SUBJECT ADDED ENTRY--TOPICAL TERM
Topical Term Jesus Christ
942 ## - ADDED ENTRY ELEMENTS (KOHA)
Koha item type
Holdings
Home library Current library Date acquired Cost, normal purchase price Full call number Accession Number Koha item type
Henry Martyn Institute Library Henry Martyn Institute Library 06/15/2007 100.00 232 HER 5361 Archive Book
                   Copyright © 2026 | Henry Martyn Institute | Hyderabad | TS-500052 | INDIA | Implemented by hmi.edu.in
Hit-Count:

Powered by Koha